000 03879nam a22004095i 4500
001 978-3-658-30826-1
003 DE-He213
005 20200904105451.0
007 cr nn 008mamaa
008 200902s2020 gw | s |||| 0|ger d
020 _a9783658308261
_9978-3-658-30826-1
024 7 _a10.1007/978-3-658-30826-1
_2doi
050 4 _aHD30.2
072 7 _aKJMV3
_2bicssc
072 7 _aBUS083000
_2bisacsh
072 7 _aKJMK
_2thema
082 0 4 _a658.4038
_223
100 1 _aKipman, Ulrike.
_eauthor.
_4aut
_4http://id.loc.gov/vocabulary/relators/aut
245 1 0 _aKomplexes Problemlösen
_h[electronic resource] :
_bBegriff – Einflussgrößen – Korrelate – Erkenntnisse am Beispiel der PISA-Studie /
_cvon Ulrike Kipman.
250 _a1st ed. 2020.
264 1 _aWiesbaden :
_bSpringer Fachmedien Wiesbaden :
_bImprint: Springer Gabler,
_c2020.
300 _aXI, 163 S. 66 Abb., 62 Abb. in Farbe.
_bonline resource.
336 _atext
_btxt
_2rdacontent
337 _acomputer
_bc
_2rdamedia
338 _aonline resource
_bcr
_2rdacarrier
347 _atext file
_bPDF
_2rda
505 0 _aProblemlösen bei PISA -- Der PISA-Kontextfragebogen -- Allgemeine Ergebnisse zum komplexen Problemlösen bei PISA: Ausprägung der Problemlösefähigkeit im Ländervergleich - Geschlechtsunterschiede beim Lösen komplexer Probleme - intranationale Unterschiede -- Überprüfung möglicher Einflussfaktoren und Korrelate in Bezug auf das komplexe Problemlösen im Ländervergleich (Österreich, Deutschland sowie das beste und schwächste OECD-Land) -- Modelle zur Analyse von möglichen Handlungsoptionen zur Verbesserung der Leistung im komplexen Problemlösen. .
520 _aProblemlösekompetenz ist ein wichtiges Bildungsziel, bei dem es vor allem darum geht, sich mit neuen Gegebenheiten auseinanderzusetzen, sich an veränderte Bedingungen anzupassen und auf neue Herausforderungen flexibel reagieren zu können. Dies ist eine in Zeiten der Automatisierung und künstlichen Intelligenzen immer bedeutsamere Fähigkeit. Auch die Schule kann dabei einen maßgeblichen Beitrag leisten. Dieses Buch analysiert am Beispiel der PISA-Studie sehr anschaulich die Stellhebel zur Kompetenzentwicklung. Kaum eine Studie erhebt so viele Kontextvariablen, die mit dieser Fähigkeit in Verbindung gebracht werden können, um daraus erfolgreiche Strategien und Methoden für den Unterricht und die Förderung von Kindern und Jugendlichen abzuleiten. Der Inhalt Problemlösen bei PISA Der PISA-Kontextfragebogen Allgemeine Ergebnisse zum komplexen Problemlösen bei PISA: Ausprägung der Problemlösefähigkeit im Ländervergleich - Geschlechtsunterschiede beim Lösen komplexer Probleme - intranationale Unterschiede Überprüfung möglicher Einflussfaktoren und Korrelate in Bezug auf das komplexe Problemlösen im Ländervergleich (Österreich, Deutschland sowie das beste und schwächste OECD-Land) Modelle zur Analyse von möglichen Handlungsoptionen zur Verbesserung der Leistung im komplexen Problemlösen Die Autorin Prof. DDDr. Ulrike Kipman ist Professorin für Bildungsforschung an der Pädagogischen Hochschule Salzburg. Sie lehrt außerdem an der Universität Salzburg und der Fachhochschule Salzburg in den Bereichen Pädagogik, Psychologie und Mathematik und unterrichtet an diversen Akademien und Instituten. Ihre Forschungsschwerpunkte liegen vor allem im Bereich Problemlösen, Entscheidungsstrategien und Kombinatorik. .
650 0 _aKnowledge management.
650 1 4 _aKnowledge Management.
_0https://scigraph.springernature.com/ontologies/product-market-codes/515030
710 2 _aSpringerLink (Online service)
773 0 _tSpringer Nature eBook
776 0 8 _iPrinted edition:
_z9783658308254
856 4 0 _uhttps://doi.org/10.1007/978-3-658-30826-1
912 _aZDB-2-SWI
999 _c461694
_d461694